[Event "SF Telgte 1 - SK Münster 4"]
[Site "Verbandsliga 2018/2019"]
[Date "2019.02.16"]
[Round "7.1"]
[White "Schulz, Stefan"]
[Black "Lodde, Martin"]
[Result "1/2-1/2"]
[WhiteElo "1877"]
[BlackElo "1946"]
[PlyCount "115"]
[EventDate "2019.??.??"]
[SourceDate "2018.09.09"]

1. d4 Nf6 2. Nf3 b6 3. g3 Bb7 4. Bg2 e6 5. O-O Be7 6. c4 d5 7. Ne5 O-O 8. Nd2
Nbd7 9. Ndf3 dxc4 10. Nxc4 c5 11. Bf4 cxd4 12. Bd6 Rc8 13. Qxd4 Bd5 14. Bxe7
Qxe7 15. Ne3 Ba8 16. Rac1 h6 17. Rxc8 Rxc8 18. Rd1 Qc5 19. Qxc5 Nxc5 20. Ne5
Bxg2 21. Kxg2 Kf8 22. b4 Na4 23. Nd7+ Ke7 24. Nxf6 gxf6 25. Rd2 f5 26. f4 Rc3
27. Kf2 Rc1 28. Rc2 Rxc2 29. Nxc2 Nc3 30. a3 Kd6 31. Ne3 b5 32. g4 Nb1 33. gxf5
Nxa3 34. fxe6 fxe6 35. Kf3 h5 36. h4 Nb1 37. Ke4 Nc3+ 38. Kd3 Na4 39. Nd1 Nb6
40. Nc3 a6 41. e4 e5 42. Ne2 Nc4 43. f5 a5 44. bxa5 Nxa5 45. Ng3 Nb7 46. Nxh5
Nc5+ 47. Ke3 b4 48. Ng3 Ke7 49. Ne2 Kf6 50. Nc1 b3 51. Nd3 Na4 52. Kd2 b2 53.
Kc2 b1=Q+ 54. Kxb1 Nc3+ 55. Kc2 Nxe4 56. h5 Kxf5 57. h6 Kg6 58. Nxe5+ 1/2-1/2

[Event "SF Telgte 1 - SK Münster 4"]
[Site "Verbandsliga 2018/2019"]
[Date "2019.02.16"]
[Round "7.2"]
[White "Junker, Axel"]
[Black "Leder, Nils"]
[Result "1/2-1/2"]
[WhiteElo "1906"]
[BlackElo "1876"]
[PlyCount "77"]
[EventDate "2019.??.??"]
[SourceDate "2018.09.09"]

1. c4 Nf6 2. Nc3 e5 3. Nf3 Nc6 4. g3 Be7 5. Bg2 d6 6. O-O Be6 7. d3 h6 8. Rb1
Qd7 9. Re1 Bh3 10. Bh1 O-O 11. b4 Rfe8 12. e3 Bf8 13. b5 Ne7 14. e4 Ng6 15. Nd5
Nxd5 16. cxd5 c6 17. bxc6 bxc6 18. dxc6 Qxc6 19. Be3 Rac8 20. Qd2 Qa6 21. Rb2
Rc7 22. Reb1 Rec8 23. Ne1 Ne7 24. Rb8 Be6 25. Rxc8 Rxc8 26. Rb2 d5 27. exd5
Bxd5 28. Bxd5 Nxd5 29. Nf3 Bd6 30. h4 Nxe3 31. Qxe3 Qc6 32. Ne1 Qa4 33. Kg2 a6
34. Qe4 Qxe4+ 35. dxe4 Rc6 36. Nf3 Kf8 37. Rd2 Ke7 38. g4 g6 39. Rb2 1/2-1/2

[Event "SF Telgte 1 - SK Münster 4"]
[Site "Verbandsliga 2018/2019"]
[Date "2019.02.16"]
[Round "7.4"]
[White "Esser, Peter"]
[Black "Voss, Norbert"]
[Result "1/2-1/2"]
[WhiteElo "1770"]
[BlackElo "1855"]
[PlyCount "28"]
[EventDate "2019.??.??"]
[SourceDate "2018.09.09"]

1. d4 d6 2. c4 e5 3. dxe5 dxe5 4. Qxd8+ Kxd8 5. Nc3 c6 6. e4 f6 7. Be3 Kc7 8.
Be2 Nh6 9. h3 Nd7 10. Nf3 Nf7 11. a3 Bc5 12. Bd2 Be7 13. b4 a5 14. b5 Nc5
1/2-1/2

[Event "SF Telgte 1 - SK Münster 4"]
[Site "Verbandsliga 2018/2019"]
[Date "2019.02.16"]
[Round "7.5"]
[White "Voss, Andreas"]
[Black "Kuhlenbaeumer, Alfred"]
[Result "1/2-1/2"]
[WhiteElo "1848"]
[BlackElo "1827"]
[PlyCount "122"]
[EventDate "2019.??.??"]
[SourceDate "2018.09.09"]

1. d4 d5 2. c4 Nc6 3. Nf3 Bg4 4. e3 e6 5. Nbd2 Nf6 6. Qa4 Nd7 7. a3 Nb6 8. Qc2
dxc4 9. Bxc4 Nxc4 10. Qxc4 Qd7 11. O-O Be7 12. h3 Bh5 13. Qb5 Bxf3 14. Nxf3 Rb8
15. Rd1 a6 16. Qc4 O-O 17. e4 b5 18. Qc3 b4 19. Qd3 bxa3 20. bxa3 Rb5 21. a4
Nb4 22. Qc4 Rb7 23. Ne5 Qe8 24. Bf4 Bd6 25. Rdc1 a5 26. Bg3 h6 27. Rc3 Kh7 28.
Qe2 f6 29. Nc4 Bxg3 30. Rxg3 Ra7 31. Qg4 Qf7 32. Rb1 Nc6 33. d5 exd5 34. exd5
f5 35. Qf3 Nd4 36. Qd3 Qxd5 37. Rb5 Qd8 38. Rxa5 Rxa5 39. Nxa5 c5 40. Nc4 Qe8
41. Re3 Qxa4 42. Re5 Qa1+ 43. Kh2 Qa2 44. Kg1 Rb8 45. Rxc5 Qa1+ 46. Kh2 Rb3 47.
Qd2 Rb1 48. Ra5 Rh1+ 49. Kg3 f4+ 50. Kxf4 Ne6+ 51. Kg3 Qb1 52. Ne5 Rd1 53. Qa2
Qf5 54. Qc4 Rd4 55. Qc1 Nf4 56. Kh2 Ne2 57. Qe3 Re4 58. Qf3 Nf4 59. Ng4 Qe6 60.
g3 Ne2 61. Qd3 Qg6 1/2-1/2

[Event "SF Telgte 1 - SK Münster 4"]
[Site "Verbandsliga 2018/2019"]
[Date "2019.02.16"]
[Round "7.6"]
[White "Pohl, Detlev"]
[Black "Vogenauer, Nikolas"]
[Result "1/2-1/2"]
[WhiteElo "1815"]
[BlackElo "1819"]
[PlyCount "103"]
[EventDate "2019.??.??"]
[SourceDate "2018.09.09"]

1. e4 e5 2. a3 Nf6 3. f4 exf4 4. d3 Nc6 5. Bxf4 d6 6. Nc3 Be7 7. Nf3 O-O 8. Be2
Bg4 9. O-O Bxf3 10. Bxf3 Nd4 11. Ne2 Nxf3+ 12. Rxf3 c6 13. Be3 Ng4 14. Qd2 Nxe3
15. Qxe3 Qb6 16. Qxb6 axb6 17. c3 Bf6 18. Ng3 Rad8 19. Nh5 Be7 20. Raf1 b5 21.
d4 g6 22. Ng3 Bh4 23. Nh1 Rde8 24. g3 Bg5 25. h4 Bh6 26. Nf2 Re7 27. g4 Bg7 28.
g5 f6 29. Ng4 Rxe4 30. Nxf6+ Bxf6 31. Rxf6 Rxf6 32. Rxf6 d5 33. Rd6 Rxh4 34.
Rd8+ Kf7 35. Rd7+ Ke6 36. Rxb7 Rg4+ 37. Kf2 Rxg5 38. Rxh7 Rf5+ 39. Ke3 Rf6 40.
b3 Kd6 41. Rg7 Ke6 42. a4 bxa4 43. bxa4 Kf5 44. a5 Re6+ 45. Kf2 c5 46. dxc5 Rc6
47. a6 Rxa6 48. Ke3 Ra4 49. Rd7 Ke5 50. Re7+ Kf5 51. Rd7 Ke5 52. Re7+ 1/2-1/2

[Event "SF Telgte 1 - SK Münster 4"]
[Site "Verbandsliga 2018/2019"]
[Date "2019.02.16"]
[Round "7.7"]
[White "Boerger, Andreas"]
[Black "Dieckmann, Werner"]
[Result "1/2-1/2"]
[WhiteElo "1766"]
[BlackElo "1769"]
[PlyCount "107"]
[EventDate "2019.??.??"]
[SourceDate "2018.09.09"]

1. c4 Nf6 2. g3 g6 3. Bg2 Bg7 4. Nc3 d6 5. d3 O-O 6. Bd2 c6 7. e4 e5 8. Nge2
Nbd7 9. O-O Nc5 10. Qc2 Ne6 11. h3 Bd7 12. Kh2 b5 13. Nd1 a5 14. Rb1 b4 15. a3
c5 16. a4 Ra7 17. Ne3 Qc8 18. Nd5 Nxd5 19. exd5 Nd4 20. Nxd4 cxd4 21. f4 f6 22.
b3 Be8 23. Rbc1 Rc7 24. Rf2 Rff7 25. Rcf1 Rce7 26. Be4 Bd7 27. f5 gxf5 28. Bxf5
Bxf5 29. Rxf5 Qe8 30. Re1 Rf8 31. c5 Qc8 32. g4 Qxc5 33. Qxc5 dxc5 34. Rc1 Rc8
35. Kg2 Rd7 36. Kf3 Rxd5 37. Ke4 Rd7 38. g5 fxg5 39. Bxg5 Rc6 40. Rcf1 h6 41.
Bf6 Bxf6 42. Rxf6 Rxf6 43. Rxf6 Rf7 44. Rxh6 Rf1 45. Kxe5 Rb1 46. Rc6 Rxb3 47.
Rxc5 Rxd3 48. Ke4 Rxh3 49. Kxd4 Rh4+ 50. Kd3 b3 51. Kc3 Rb4 52. Kb2 Rxa4 53.
Kxb3 Rb4+ 54. Ka3 1/2-1/2

[Event "SF Telgte 1 - SK Münster 4"]
[Site "Verbandsliga 2018/2019"]
[Date "2019.02.16"]
[Round "7.8"]
[White "Schenke, Conrad"]
[Black "Sokolowski, Cyril"]
[Result "1/2-1/2"]
[WhiteElo "1684"]
[BlackElo "1725"]
[PlyCount "54"]
[EventDate "2019.??.??"]
[SourceDate "2018.09.09"]

1. d4 Nf6 2. Nf3 g6 3. Bf4 Bg7 4. c4 c5 5. e3 O-O 6. Nc3 cxd4 7. exd4 d6 8. Be2
Nc6 9. d5 Nb4 10. a3 Na6 11. Be3 Nc7 12. O-O Bd7 13. Rc1 a6 14. b4 Bg4 15. h3
Bxf3 16. Bxf3 Nd7 17. Be2 a5 18. b5 Ne8 19. Na4 Rc8 20. Qb3 Nef6 21. Rfd1 Ne4
22. Bd3 Nec5 23. Nxc5 Nxc5 24. Bxc5 Rxc5 25. Re1 b6 26. Rc2 Re8 27. Rce2 Bf6
1/2-1/2

[Event "SG Turm Raesfeld/Erle 2 - TV Borken 1"]
[Site "Verbandsliga 2018/2019"]
[Date "2019.02.16"]
[Round "7.1"]
[White "Schulze Schwering, Philipp"]
[Black "Pliete, Christian"]
[Result "1-0"]
[WhiteElo "2063"]
[BlackElo "1826"]
[PlyCount "73"]
[EventDate "2019.??.??"]
[SourceDate "2018.09.09"]

1. d4 Nf6 2. c4 c5 3. d5 e6 4. Nc3 exd5 5. cxd5 d6 6. g3 a6 7. a4 g6 8. Bg2 Bg7
9. Nf3 O-O 10. O-O Bg4 11. Nd2 Qc7 12. Nc4 Re8 13. a5 Bd7 14. Bf4 Bf8 15. Qb3
Nh5 16. Ne4 Nxf4 17. gxf4 Rd8 18. Rfe1 Bb5 19. Nb6 Ra7 20. Nf6+ Kh8 21. Qh3 h6
22. e4 Nd7 23. Nbxd7 Bxd7 24. Qh4 Bg7 25. e5 Bf5 26. Be4 Bxe4 27. Nxe4 dxe5 28.
d6 Rxd6 29. Nxd6 Qxd6 30. Rad1 Qf6 31. Qxf6 Bxf6 32. fxe5 Bg5 33. Rd7 Kg8 34.
e6 fxe6 35. Rxe6 Ra8 36. Rxg6+ Kf8 37. Rxb7 1-0

[Event "SG Turm Raesfeld/Erle 2 - TV Borken 1"]
[Site "Verbandsliga 2018/2019"]
[Date "2019.02.16"]
[Round "7.2"]
[White "Kadenbach, Wolfgang"]
[Black "Beckmann, David"]
[Result "0-1"]
[WhiteElo "1733"]
[BlackElo "2034"]
[PlyCount "68"]
[EventDate "2019.??.??"]
[SourceDate "2018.09.09"]

1. d4 d5 2. c4 e6 3. Nc3 c6 4. Nf3 Nf6 5. Bg5 Nbd7 6. e3 Qa5 7. Bxf6 Nxf6 8.
Rc1 Bb4 9. Qb3 O-O 10. a3 Bxc3+ 11. bxc3 Ne4 12. Bd3 dxc4 13. Bxc4 b6 14. O-O
Qh5 15. Rcd1 Nf6 16. Qc2 Bb7 17. Ne5 Ng4 18. Nxg4 Qxg4 19. Be2 Qg5 20. f4 Qa5
21. a4 Rac8 22. Qd3 c5 23. Rc1 a6 24. f5 exf5 25. Rxf5 Qxa4 26. e4 cxd4 27. c4
Qd7 28. Rcf1 Rc5 29. e5 g6 30. Qg3 Be4 31. Rh5 d3 32. Rxh7 dxe2 33. Qh4 Qd4+
34. Kh1 exf1=Q# 0-1

[Event "SG Turm Raesfeld/Erle 2 - TV Borken 1"]
[Site "Verbandsliga 2018/2019"]
[Date "2019.02.16"]
[Round "7.3"]
[White "Schroer, Klaus"]
[Black "Hoffmann, Fabian"]
[Result "0-1"]
[WhiteElo "2017"]
[BlackElo "1945"]
[PlyCount "58"]
[EventDate "2019.??.??"]
[SourceDate "2018.09.09"]

1. e4 c6 2. d4 d5 3. f3 e6 4. Nc3 Bb4 5. Bd3 dxe4 6. fxe4 Qxd4 7. Nf3 Bxc3+ 8.
bxc3 Qxc3+ 9. Bd2 Qc5 10. e5 Nd7 11. Qe2 Ne7 12. Be3 Qc3+ 13. Kf2 Nd5 14. Bd2
Qc5+ 15. Kg3 Nb4 16. Bc4 Nxc2 17. Rac1 Nd4 18. Qe4 Nxf3 19. Qxf3 Nxe5 20. Qh5
Qd4 21. Bg5 Nxc4 22. Rhd1 Qe5+ 23. Kh3 Nd6 24. Rxd6 Qxd6 25. Rd1 Qa3+ 26. g3
O-O 27. Kg2 e5 28. Bh6 e4 29. Rf1 Qxa2+ 0-1

[Event "SG Turm Raesfeld/Erle 2 - TV Borken 1"]
[Site "Verbandsliga 2018/2019"]
[Date "2019.02.16"]
[Round "7.4"]
[White "Fasselt, Hendrik"]
[Black "Vijayakumaran, Vithoosan"]
[Result "1/2-1/2"]
[WhiteElo "1826"]
[BlackElo "1772"]
[PlyCount "41"]
[EventDate "2019.??.??"]
[SourceDate "2018.09.09"]

1. b3 e5 2. Bb2 Nc6 3. e3 Nf6 4. Nf3 e4 5. Nd4 Nxd4 6. Bxd4 d5 7. Be2 Be7 8.
O-O O-O 9. d3 c5 10. Bb2 Qc7 11. Nd2 Rd8 12. d4 b6 13. Rc1 Bd6 14. h3 Qe7 15.
Re1 Bb7 16. c4 Rac8 17. cxd5 cxd4 18. Rxc8 Rxc8 19. Bxd4 Bxd5 20. Qa1 Bb4 21.
Qd1 1/2-1/2

[Event "SG Turm Raesfeld/Erle 2 - TV Borken 1"]
[Site "Verbandsliga 2018/2019"]
[Date "2019.02.16"]
[Round "7.5"]
[White "Thesing, Ansgar"]
[Black "Tuente, Marcel"]
[Result "0-1"]
[WhiteElo "1781"]
[BlackElo "1788"]
[PlyCount "46"]
[EventDate "2019.??.??"]
[SourceDate "2018.09.09"]

1. e4 e5 2. Nc3 Nc6 3. g3 Bc5 4. Bg2 Nge7 5. Nge2 d6 6. Na4 Bb6 7. Nxb6 axb6 8.
O-O O-O 9. c3 f5 10. d4 fxe4 11. d5 Nb8 12. Bxe4 Bh3 13. Bg2 Bxg2 14. Kxg2 Nd7
15. f4 Nf6 16. fxe5 dxe5 17. c4 Qd7 18. Bg5 Nf5 19. Qb3 Ne4 20. Bc1 Qf7 21. Be3
Qg6 22. Kh1 Qh5 23. Rxf5 Rxf5 0-1

[Event "SG Turm Raesfeld/Erle 2 - TV Borken 1"]
[Site "Verbandsliga 2018/2019"]
[Date "2019.02.16"]
[Round "7.6"]
[White "Groemping, Franz Josef"]
[Black "Farwick, Christian"]
[Result "0-1"]
[WhiteElo "1689"]
[BlackElo "1811"]
[PlyCount "78"]
[EventDate "2019.??.??"]
[SourceDate "2018.09.09"]

1. b4 d5 2. Bb2 Nf6 3. e3 e6 4. b5 Be7 5. Nf3 O-O 6. Be2 c5 7. O-O a6 8. a4
axb5 9. axb5 Rxa1 10. Bxa1 Nbd7 11. c4 dxc4 12. Bxc4 Nb6 13. d3 Bd7 14. Nc3
Nfd5 15. e4 Nc7 16. Qe2 Qe8 17. Rb1 f6 18. Qa2 Qa8 19. Qb3 Nxc4 20. Qxc4 b6 21.
Bb2 Qb7 22. Ra1 Ra8 23. Rxa8+ Qxa8 24. d4 Qa5 25. dxc5 bxc5 26. g3 Nxb5 27. Nd5
Qd8 28. Nf4 Qb6 29. Nd2 Kf7 30. e5 Nc7 31. Qc2 f5 32. Nc4 Qc6 33. Qc3 Nd5 34.
Nxd5 Qxd5 35. Nd6+ Kf8 36. Ba3 Qd1+ 37. Kg2 Bc6+ 38. f3 Qe2+ 39. Kh3 Qf1# 0-1

[Event "SG Turm Raesfeld/Erle 2 - TV Borken 1"]
[Site "Verbandsliga 2018/2019"]
[Date "2019.02.16"]
[Round "7.7"]
[White "Bohn, Andreas"]
[Black "Droste, Laurenz"]
[Result "1/2-1/2"]
[WhiteElo "1829"]
[BlackElo "1619"]
[PlyCount "40"]
[EventDate "2019.??.??"]
[SourceDate "2018.09.09"]

1. c4 e6 2. Nc3 b6 3. e3 Bb7 4. Nf3 Bb4 5. Be2 Nf6 6. a3 Bxc3 7. bxc3 d6 8. O-O
Nbd7 9. d4 Ne4 10. Bb2 O-O 11. a4 f5 12. a5 Ng5 13. axb6 axb6 14. Rxa8 Nxf3+
15. Bxf3 Qxa8 16. Bxb7 Qxb7 17. Qa4 Nf6 18. f3 Ra8 19. Qb3 Qc6 20. Ra1 Rxa1+
1/2-1/2

[Event "SG Turm Raesfeld/Erle 2 - TV Borken 1"]
[Site "Verbandsliga 2018/2019"]
[Date "2019.02.16"]
[Round "7.8"]
[White "Aschenbrenner, Guenter"]
[Black "Klugstedt, Vincent"]
[Result "0-1"]
[WhiteElo "1489"]
[BlackElo "1881"]
[PlyCount "75"]
[EventDate "2019.??.??"]
[SourceDate "2018.09.09"]

1. e4 c5 2. d4 cxd4 3. c3 dxc3 4. Nxc3 Nc6 5. Nf3 g6 6. Bc4 Bg7 7. O-O e6 8.
Be3 Nge7 9. Rb1 O-O 10. Nb5 d5 11. exd5 exd5 12. Bb3 Bf5 13. Bc2 d4 14. Nbxd4
Nxd4 15. Nxd4 Bxd4 16. Bxd4 Bxc2 17. Qxc2 Qxd4 18. Rfd1 Qb6 19. Qe4 Nc6 20. h4
Rfe8 21. Qf4 Rad8 22. h5 Rxd1+ 23. Rxd1 Qb4 24. Qg3 Re1+ 25. Rxe1 Qxe1+ 26. Kh2
Qe5 27. hxg6 Qxg3+ 28. Kxg3 hxg6 29. f4 Kf8 30. Kg4 Nb4 31. a3 Nd3 32. b3 f6
33. g3 Ke7 34. Kf3 Kd6 35. Ke3 Nc5 36. b4 Ne6 37. g4 Kd5 38. f5 0-1

[Event "SK Dülmen 1 - SV Heiden 1"]
[Site "Verbandsliga 2018/2019"]
[Date "2019.02.16"]
[Round "7.1"]
[White "Wienen, Hermann"]
[Black "Eiersbrock, Robin"]
[Result "1/2-1/2"]
[WhiteElo "1934"]
[BlackElo "2047"]
[PlyCount "23"]
[EventDate "2019.??.??"]
[SourceDate "2018.09.09"]

1. e4 c5 2. Nf3 g6 3. Bc4 Bg7 4. O-O Nc6 5. c3 Nf6 6. e5 Ng8 7. d4 d5 8. exd6
cxd4 9. dxe7 Ngxe7 10. cxd4 Nxd4 11. Nxd4 Qxd4 12. Qb3 1/2-1/2

[Event "SK Dülmen 1 - SV Heiden 1"]
[Site "Verbandsliga 2018/2019"]
[Date "2019.02.16"]
[Round "7.2"]
[White "Grund, Wolfgang"]
[Black "Berger, Alfred Josef"]
[Result "1/2-1/2"]
[WhiteElo "1855"]
[BlackElo "1916"]
[PlyCount "33"]
[EventDate "2019.??.??"]
[SourceDate "2018.09.09"]

1. e4 d6 2. d4 Nf6 3. Bd3 e5 4. d5 g6 5. Ne2 Bg7 6. Ng3 c6 7. c4 Nbd7 8. Be3 h5
9. f3 Nc5 10. Bc2 a5 11. O-O cxd5 12. cxd5 b6 13. Qd2 Ba6 14. Rf2 O-O 15. Bh6
h4 16. Nf1 Nh5 17. Be3 1/2-1/2

[Event "SK Dülmen 1 - SV Heiden 1"]
[Site "Verbandsliga 2018/2019"]
[Date "2019.02.16"]
[Round "7.4"]
[White "Rebber, Christian"]
[Black "Sicking, Norbert"]
[Result "1/2-1/2"]
[WhiteElo "1825"]
[BlackElo "1799"]
[PlyCount "35"]
[EventDate "2019.??.??"]
[SourceDate "2018.09.09"]

1. e4 g6 2. Nc3 Bg7 3. d4 d6 4. Nf3 Nf6 5. h3 Nbd7 6. Be3 c6 7. Qd2 Qc7 8. Bd3
e5 9. dxe5 Nxe5 10. Nxe5 dxe5 11. O-O Be6 12. a4 O-O 13. f4 exf4 14. Bxf4 Qb6+
15. Be3 Qc7 16. Bf4 Qb6+ 17. Be3 Qc7 18. Bf4 1/2-1/2

[Event "SK Dülmen 1 - SV Heiden 1"]
[Site "Verbandsliga 2018/2019"]
[Date "2019.02.16"]
[Round "7.5"]
[White "Herdering, Martin"]
[Black "Loedding, Detlef"]
[Result "1/2-1/2"]
[WhiteElo "1819"]
[BlackElo "1869"]
[PlyCount "23"]
[EventDate "2019.??.??"]
[SourceDate "2018.09.09"]

1. e4 c5 2. Nf3 Nc6 3. d4 cxd4 4. Nxd4 g6 5. Nc3 Bg7 6. Be3 Nf6 7. Nxc6 bxc6 8.
e5 Nd5 9. Nxd5 cxd5 10. Qxd5 Rb8 11. Bc4 O-O 12. O-O 1/2-1/2

[Event "SK Dülmen 1 - SV Heiden 1"]
[Site "Verbandsliga 2018/2019"]
[Date "2019.02.16"]
[Round "7.6"]
[White "Koetting, Hans Erich"]
[Black "Winzenhoerlein, Thomas"]
[Result "1-0"]
[WhiteElo "1864"]
[BlackElo "1793"]
[PlyCount "57"]
[EventDate "2019.??.??"]
[SourceDate "2018.09.09"]

1. d4 Nf6 2. Nf3 d5 3. Bf4 Bg4 4. Nbd2 Bxf3 5. Nxf3 e6 6. e3 Bd6 7. Bg5 Nbd7 8.
c3 c6 9. Bd3 Qc7 10. Qe2 O-O-O 11. O-O h6 12. Bh4 g5 13. Bg3 Rhe8 14. Rfc1 e5
15. Bf5 Kb8 16. c4 dxc4 17. Qxc4 Nb6 18. Qc2 exd4 19. Nxd4 h5 20. Nb5 cxb5 21.
Qxc7+ Bxc7 22. Bxc7+ Ka8 23. Bxd8 Rxd8 24. Rc7 Rf8 25. e4 Kb8 26. Rc5 a6 27.
Rd1 Na4 28. Rc2 Re8 29. b3 1-0

[Event "SK Dülmen 1 - SV Heiden 1"]
[Site "Verbandsliga 2018/2019"]
[Date "2019.02.16"]
[Round "7.7"]
[White "Kloster, Elisabeth"]
[Black "Tecklenborg, Georg"]
[Result "1/2-1/2"]
[WhiteElo "1741"]
[BlackElo "1745"]
[PlyCount "48"]
[EventDate "2019.??.??"]
[SourceDate "2018.09.09"]

1. e4 c5 2. Nf3 e6 3. c3 d5 4. exd5 exd5 5. d4 Nf6 6. dxc5 Bxc5 7. Bd3 Qe7+ 8.
Qe2 Qxe2+ 9. Bxe2 O-O 10. O-O Re8 11. Bd3 Nc6 12. h3 Bd7 13. Bf4 d4 14. b4 Bb6
15. b5 Ne7 16. cxd4 Ned5 17. Bd2 Rac8 18. a4 Ne4 19. a5 Nxd2 20. Nbxd2 Bd8 21.
Ne5 Be6 22. a6 bxa6 23. bxa6 Bb6 24. Bb5 Bxd4 1/2-1/2

[Event "SC Rochade Emsdetten 2 - SF Beelen 1"]
[Site "Verbandsliga 2018/2019"]
[Date "2019.02.16"]
[Round "7.1"]
[White "Henke, Wolfgang"]
[Black "Delere, Adrian"]
[Result "0-1"]
[WhiteElo "1795"]
[BlackElo "1829"]
[PlyCount "42"]
[EventDate "2019.??.??"]
[SourceDate "2018.09.09"]

1. e4 e5 2. f4 exf4 3. Nf3 g5 4. h4 g4 5. Ne5 Nf6 6. Nxg4 Nxe4 7. Bb5 Ng3 8.
Rh2 Qe7+ 9. Be2 d5 10. Nf2 Bf5 11. d3 Bh6 12. Nd2 Nc6 13. Nf3 O-O-O 14. Nh3
Rhe8 15. Nhg1 Rd6 16. Kf2 Re6 17. Bf1 Ne5 18. Nxe5 Rxe5 19. Nf3 Bg4 20. Qd2
Bxf3 21. gxf3 Re1 0-1

[Event "SC Rochade Emsdetten 2 - SF Beelen 1"]
[Site "Verbandsliga 2018/2019"]
[Date "2019.02.16"]
[Round "7.2"]
[White "Luecke, Thomas"]
[Black "Hofene, Dieter"]
[Result "0-1"]
[WhiteElo "1833"]
[BlackElo "1994"]
[PlyCount "76"]
[EventDate "2019.??.??"]
[SourceDate "2018.09.09"]

1. d4 d6 2. e4 Nf6 3. Nc3 c6 4. h3 Nbd7 5. Nf3 e5 6. Be3 Be7 7. Bd3 O-O 8. O-O
Qc7 9. Re1 a6 10. a4 a5 11. g4 g6 12. Qd2 Re8 13. dxe5 dxe5 14. Bc4 Bf8 15. Ng5
Re7 16. Rad1 Nb6 17. Ba2 h6 18. Nxf7 Rxf7 19. Qd8 Nbd5 20. Qxc7 Nxc7 21. Bxf7+
Kxf7 22. Rd3 Ne6 23. f3 g5 24. Kh2 Be7 25. Red1 Nf4 26. R3d2 Be6 27. Ne2 Bb4
28. c3 Be7 29. Nxf4 gxf4 30. Bb6 Bb3 31. Ra1 Ke6 32. Kg2 Nd7 33. Bf2 Nc5 34.
Bxc5 Bxc5 35. h4 Be3 36. Re2 Rd8 37. Rb1 Bd1 38. Re1 Rd2+ 0-1

[Event "SC Rochade Emsdetten 2 - SF Beelen 1"]
[Site "Verbandsliga 2018/2019"]
[Date "2019.02.16"]
[Round "7.3"]
[White "Hanewinkel, Winfried"]
[Black "Wissing, Philipp"]
[Result "1/2-1/2"]
[WhiteElo "1924"]
[BlackElo "1775"]
[PlyCount "31"]
[EventDate "2019.??.??"]
[SourceDate "2018.09.09"]

1. d4 Nf6 2. c4 c5 3. d5 e6 4. Nc3 exd5 5. cxd5 d6 6. e4 g6 7. Nf3 Bg7 8. Be2
O-O 9. O-O Re8 10. Nd2 a6 11. a4 Nbd7 12. f4 h5 13. h3 Nf8 14. Kh1 Ng4 15. Nf3
Nf6 16. Nd2 1/2-1/2

[Event "SC Rochade Emsdetten 2 - SF Beelen 1"]
[Site "Verbandsliga 2018/2019"]
[Date "2019.02.16"]
[Round "7.4"]
[White "Noering, Andreas"]
[Black "Cigelski, Rudolf"]
[Result "1/2-1/2"]
[WhiteElo "1829"]
[BlackElo "1824"]
[PlyCount "127"]
[EventDate "2019.??.??"]
[SourceDate "2018.09.09"]

1. e4 e5 2. Bc4 Nc6 3. Nf3 d6 4. d4 exd4 5. Nxd4 Qf6 6. Be3 Qg6 7. Qf3 Ne5 8.
Qe2 Qxg2 9. Rf1 Bh3 10. Nd2 Qg4 11. Qxg4 Nxg4 12. Rg1 Nxe3 13. fxe3 Nh6 14.
O-O-O O-O-O 15. Rg3 Bd7 16. Rf1 c5 17. Nb5 a6 18. Nc3 Be6 19. Nd5 b5 20. Be2 f6
21. Nf4 Bf7 22. a4 bxa4 23. Bxa6+ Kc7 24. Bc4 Bxc4 25. Nxc4 Rd7 26. Nd5+ Kc6
27. Kd2 Nf7 28. Ra1 f5 29. Rxa4 fxe4 30. Nc3 d5 31. Ra6+ Kb7 32. Rb6+ Kc8 33.
Rc6+ Kd8 34. Nb6 d4 35. Ncd5 Rxd5 36. Nxd5 Ne5 37. Re6 Nc4+ 38. Kc1 Bd6 39. Rg2
Rf8 40. Kb1 Rf1+ 41. Ka2 d3 42. cxd3 exd3 43. Nc3 Be5 44. Kb3 Nxe3 45. Rxe5
Nxg2 46. Rd5+ Kc7 47. Rxd3 Nf4 48. Rg3 g6 49. Re3 Kd6 50. Kc4 Ne6 51. b4 Rf4+
52. Re4 cxb4 53. Rxf4 Nxf4 54. Kxb4 Ke5 55. Kc4 Kf5 56. Kd4 Kg4 57. Ke4 g5 58.
Ke5 Ng6+ 59. Ke4 Nh4 60. Nd5 h6 61. Nf6+ Kh3 62. Ng8 Kxh2 63. Nxh6 Kg3 64. Nf7
1/2-1/2

[Event "SC Rochade Emsdetten 2 - SF Beelen 1"]
[Site "Verbandsliga 2018/2019"]
[Date "2019.02.16"]
[Round "7.5"]
[White "Austermann, Reinhold"]
[Black "Teschler, Ansgar"]
[Result "1-0"]
[WhiteElo "1810"]
[BlackElo "1762"]
[PlyCount "52"]
[EventDate "2019.??.??"]
[SourceDate "2018.09.09"]

1. d4 d5 2. e3 Nf6 3. Bd3 g6 4. Nd2 Bg7 5. f4 O-O 6. Ngf3 b6 7. Qe2 c5 8. c3
Bb7 9. O-O Ne4 10. Ne5 f6 11. Ng4 Qc8 12. Qf3 f5 13. Ne5 Ba6 14. Bxa6 Nxa6 15.
Qe2 Bxe5 16. fxe5 Nxd2 17. Bxd2 c4 18. Rf3 b5 19. Raf1 Qd7 20. Qf2 Rf7 21. h4
Raf8 22. Rg3 Nc7 23. h5 Kg7 24. Qf3 Ne6 25. hxg6 hxg6 26. Qh5 Rg8 1-0

[Event "SC Rochade Emsdetten 2 - SF Beelen 1"]
[Site "Verbandsliga 2018/2019"]
[Date "2019.02.16"]
[Round "7.6"]
[White "Bilecen, Simon"]
[Black "Fartmann, Franz Josef"]
[Result "1-0"]
[WhiteElo "1751"]
[BlackElo "1782"]
[PlyCount "83"]
[EventDate "2019.??.??"]
[SourceDate "2018.09.09"]

1. d4 Nf6 2. Bf4 g6 3. e3 Bg7 4. Nf3 d6 5. Nbd2 Nbd7 6. Be2 c5 7. c3 a6 8. h3
O-O 9. O-O b6 10. Qb3 Bb7 11. Rfd1 Qc7 12. a4 Ne4 13. Bd3 Nxd2 14. Nxd2 e5 15.
dxe5 Nxe5 16. Bxe5 dxe5 17. Nc4 Qc6 18. Bf1 Rab8 19. Qxb6 Qe4 20. Nd6 Qc6 21.
a5 Ba8 22. Qxa6 Rxb2 23. Qxc6 Bxc6 24. Bc4 e4 25. a6 Bxc3 26. a7 Rb4 27. Ra6
Ba8 28. Ba2 Be5 29. Nc4 Bc7 30. Rd7 Rb7 31. g3 Rd8 32. Rxd8+ Bxd8 33. Nd6 Rd7
34. Bc4 Kf8 35. Kf1 f5 36. Ke2 Be7 37. Nc8 Bd8 38. Be6 Rb7 39. Kd1 Rb4 40. Rd6
Be7 41. Rb6 Bd8 42. Rb8 1-0

[Event "SC Rochade Emsdetten 2 - SF Beelen 1"]
[Site "Verbandsliga 2018/2019"]
[Date "2019.02.16"]
[Round "7.7"]
[White "Hofene, Josef"]
[Black "Hemmers, Dieter"]
[Result "1/2-1/2"]
[WhiteElo "1770"]
[BlackElo "1784"]
[PlyCount "45"]
[EventDate "2019.??.??"]
[SourceDate "2018.09.09"]

1. e4 c5 2. Nf3 Nc6 3. c3 Nf6 4. e5 Nd5 5. d4 cxd4 6. cxd4 e6 7. a3 d6 8. Bd3
Be7 9. O-O dxe5 10. dxe5 h6 11. Qe2 Bd7 12. Rd1 Qc7 13. Nbd2 Nf4 14. Qe4 Nxd3
15. Qxd3 Rd8 16. Qe2 O-O 17. b4 a6 18. Bb2 Bc8 19. Rac1 Rd5 20. Nc4 Rfd8 21.
Rxd5 Rxd5 22. Ne3 Rd7 23. Rd1 1/2-1/2

[Event "SC Rochade Emsdetten 2 - SF Beelen 1"]
[Site "Verbandsliga 2018/2019"]
[Date "2019.02.16"]
[Round "7.8"]
[White "Schulte, Ralf"]
[Black "Beckmann, Frank"]
[Result "1-0"]
[WhiteElo "1789"]
[BlackElo "1746"]
[PlyCount "88"]
[EventDate "2019.??.??"]
[SourceDate "2018.09.09"]

1. d4 Nf6 2. Nf3 d5 3. Bg5 e6 4. e3 Be7 5. Bd3 Nbd7 6. O-O O-O 7. c4 dxc4 8.
Bxc4 Ne4 9. Bf4 Bd6 10. Bxd6 cxd6 11. Qc2 d5 12. Bd3 Ndf6 13. Nbd2 Nxd2 14.
Nxd2 h6 15. Rac1 Bd7 16. Qb3 Bc6 17. Rc2 Qd7 18. Qb4 Rfc8 19. Nf3 Ne8 20. Ne5
Qd6 21. Qb3 Rc7 22. Rfc1 Rac8 23. h3 Nf6 24. Nxc6 bxc6 25. Ba6 Rd8 26. Qa4 c5
27. Rxc5 Rxc5 28. Rxc5 Qb6 29. b3 Rd6 30. Bd3 g6 31. Ra5 Rd7 32. Rb5 Qd6 33.
Rc5 Kg7 34. b4 e5 35. Rc6 Qe7 36. dxe5 Qxe5 37. Rxf6 Qxf6 38. Qxd7 Qa1+ 39. Bf1
Qxa2 40. Qc7 Qb2 41. Qc5 Qa2 42. g3 h5 43. Kg2 Qb1 44. Be2 h4 1-0